| 000 | 00565nab a2200205 a 4500 | ||
|---|---|---|---|
| 005 | 20210219161916.0 | ||
| 008 | 991125s1985 mx 000 0 spa u | ||
| 035 | _aUPN01000194334 | ||
| 100 | 1 | _aKropff, Laura | |
| 100 | 1 | _ukropff@unrn.edu.ar | |
| 222 | _aALTERIDADES | ||
| 245 | _aLos jóvenes mapuche en Argentina : entre el circuito punk y las recuperaciones de tierras | ||
| 260 | _aMéxico | ||
| 300 | _a77-89 | ||
| 362 | 0 | _a2011 Año 21, no. 42, jul.-dic. | |
| 653 | 0 | _aJOVENES | |
| 653 | 0 | _aINDIGENAS | |
| 653 | 0 | _aACTIVISMO | |
| 905 | _aArticulo | ||
| 999 |
_c166435 _d166435 |
||